Územně plánovací dokumentace pro venkovský prostor.

Riešenie problematiky ÚPD a územno-plánovacích podkladov pre dediny a vidiecky priestor a ich vzťah k Programu obnovy dediny. Náčrt prístupov k riešeniu vidieckeho priestoru v ÚPD. Možnosti a úlohy stavebného zákona, dôsledky bývalej striktnej ochrany poľnohospodárskej pôdy. Výhody urbanistických št...

ver descrição completa

Na minha lista:
Detalhes bibliográficos
Autor principal: Soukeník, V.
Outros Autores: Tůma, M.
Formato: Capítulo de Livro
Idioma:tcheco
Assuntos:
Tags: Adicionar Tag
Sem tags, seja o primeiro a adicionar uma tag!

MARC

LEADER 00000naa a2200000 4500
001 r011266
005 20220831091038.9
041 0 |a cze 
044 |a [CS] 
245 1 0 |a Územně plánovací dokumentace pro venkovský prostor.  |c V. Soukeník, M. Tůma 
520 |a Riešenie problematiky ÚPD a územno-plánovacích podkladov pre dediny a vidiecky priestor a ich vzťah k Programu obnovy dediny. Náčrt prístupov k riešeniu vidieckeho priestoru v ÚPD. Možnosti a úlohy stavebného zákona, dôsledky bývalej striktnej ochrany poľnohospodárskej pôdy. Výhody urbanistických štúdií. 
610 2 0 |a plánovanie územné 
610 2 0 |a dokumentácia 
610 2 0 |a vidiek 
610 2 0 |a urbanizmus 
610 2 0 |a predpisy právne 
100 1 |a Soukeník, V. 
700 1 |a Tůma, M.